Perspektivenwechsel Abendmahl: Abendmahl mit Kindern - ein theologisch-pädagogischer Diskurs
| Main Author: | |
|---|---|
| Format: | Print Book |
| Language: | German |
| Subito Delivery Service: | Order now. |
| Check availability: | HBZ Gateway |
| WorldCat: | WorldCat |
| Interlibrary Loan: | Interlibrary Loan for the Fachinformationsdienste (Specialized Information Services in Germany) |
| Published: |
Münster
Lit
2004
|
| In: |
Schriftenreihe der Evangelischen Fachhochschule Freiburg (25)
Year: 2004 |
| Series/Journal: | Schriftenreihe der Evangelischen Fachhochschule Freiburg
25 |
| Standardized Subjects / Keyword chains: | B
Lord's Supper service
/ Children's Mass
B Lord's Supper service / Protestant religious pedagogy B Sacrament / Baptism / Lord's supper / Child |
| Further subjects: | B
Thesis
|
| Sammlungen: |
MARC
| LEADER | 00000cam a2200000 c 4500 | ||
|---|---|---|---|
| 001 | 361647581 | ||
| 003 | DE-627 | ||
| 005 | 20251223202049.0 | ||
| 007 | tu | ||
| 008 | 030320s2004 gw ||||| m 00| ||ger c | ||
| 015 | |a 04,N09,0175 |2 dnb | ||
| 015 | |a 04,A15,0242 |2 dnb | ||
| 016 | 7 | |a 970056842 |2 DE-101 | |
| 020 | |a 3825866262 |9 3-8258-6626-2 | ||
| 024 | 3 | |a 9783825866266 | |
| 035 | |a (DE-627)361647581 | ||
| 035 | |a (DE-576)111593476 | ||
| 035 | |a (DE-599)GBV361647581 | ||
| 035 | |a (OCoLC)76683440 | ||
| 035 | |a (OCoLC)76683440 | ||
| 040 | |a DE-627 |b ger |c DE-627 |e rakwb | ||
| 041 | |a ger | ||
| 044 | |c XA-DE-NW | ||
| 082 | 0 | |a 230 | |
| 082 | 0 | |a 370 | |
| 082 | 0 | 4 | |a 230 |a 370 |
| 082 | 0 | 4 | |a 370 |a 230 |
| 084 | |a 1 |2 ssgn | ||
| 084 | |a BQ 4320 |2 rvk |0 (DE-625)rvk/15418: | ||
| 084 | |a 11.61 |2 bkl | ||
| 084 | |a 11.77 |2 bkl | ||
| 100 | 1 | |0 (DE-588)10996926X |0 (DE-627)691065209 |0 (DE-576)289658446 |4 aut |a Lutz, Angelika | |
| 109 | |a Lutz, Angelika | ||
| 245 | 1 | 0 | |a Perspektivenwechsel Abendmahl |b Abendmahl mit Kindern - ein theologisch-pädagogischer Diskurs |c Angelika Lutz |
| 263 | |a kart. : EUR 14.90 | ||
| 264 | 1 | |a Münster |b Lit |c 2004 | |
| 300 | |a IV, 124 S. |c 21 cm | ||
| 336 | |a Text |b txt |2 rdacontent | ||
| 337 | |a ohne Hilfsmittel zu benutzen |b n |2 rdamedia | ||
| 338 | |a Band |b nc |2 rdacarrier | ||
| 490 | 1 | |a Schriftenreihe der Evangelischen Fachhochschule Freiburg |v 25 | |
| 500 | |a Literaturverz. S. 112 - 119 | ||
| 502 | |a Zugl.: Freiburg im Breisgau, Evang. Fachhochsch., Diplomarbeit | ||
| 583 | 1 | |a Archivierung prüfen |c 20240324 |f DE-4165 |z 2 |2 pdager | |
| 655 | 7 | |a Hochschulschrift |0 (DE-588)4113937-9 |0 (DE-627)105825778 |0 (DE-576)209480580 |2 gnd-content | |
| 689 | 0 | 0 | |d s |0 (DE-588)4135905-7 |0 (DE-627)105661600 |0 (DE-576)209664681 |2 gnd |a Abendmahlsgottesdienst |
| 689 | 0 | 1 | |d s |0 (DE-588)4030593-4 |0 (DE-627)106269321 |0 (DE-576)208988270 |2 gnd |a Kindergottesdienst |
| 689 | 0 | |5 DE-101 | |
| 689 | 1 | 0 | |d s |0 (DE-588)4135905-7 |0 (DE-627)105661600 |0 (DE-576)209664681 |2 gnd |a Abendmahlsgottesdienst |
| 689 | 1 | 1 | |d s |0 (DE-588)4153261-2 |0 (DE-627)104819316 |0 (DE-576)209801999 |2 gnd |a Evangelische Religionspädagogik |
| 689 | 1 | |5 DE-101 | |
| 689 | 2 | 0 | |d s |0 (DE-588)4051342-7 |0 (DE-627)106177524 |0 (DE-576)209092661 |2 gnd |a Sakrament |
| 689 | 2 | 1 | |d s |0 (DE-588)4059150-5 |0 (DE-627)104152141 |0 (DE-576)209129654 |2 gnd |a Taufe |
| 689 | 2 | 2 | |d s |0 (DE-588)4000081-3 |0 (DE-627)106402196 |0 (DE-576)208836861 |2 gnd |a Abendmahl |
| 689 | 2 | 3 | |d s |0 (DE-588)4030550-8 |0 (DE-627)104360100 |0 (DE-576)208988165 |2 gnd |a Kind |
| 689 | 2 | |5 (DE-627) | |
| 751 | |a Freiburg im Breisgau |0 (DE-588)4018272-1 |0 (DE-627)106326686 |0 (DE-576)208923535 |4 uvp | ||
| 810 | 2 | |a Evangelische Fachhochschule Freiburg |t Schriftenreihe der Evangelischen Fachhochschule Freiburg |v 25 |9 25 |w (DE-627)371968860 |w (DE-576)063953900 |w (DE-600)2124004-8 |7 am | |
| 935 | |a mteo |a RFBW | ||
| 935 | |i Blocktest | ||
| 936 | r | v | |a BQ 4320 |b Abendmahlgottesdienst |k Theologie und Religionswissenschaften |k Evangelische Praktische Theologie |k Liturgik |k Die Gestalt des Gottesdienstes |k Abendmahlgottesdienst |0 (DE-627)1272621456 |0 (DE-625)rvk/15418: |0 (DE-576)202621456 |
| 936 | b | k | |a 11.61 |j Dogmatik |j Konfessionskunde |0 (DE-627)106403850 |
| 936 | b | k | |a 11.77 |j Religionspädagogik |0 (DE-627)106403931 |
| 951 | |a BO | ||
| ELC | |b 1 | ||
| ITA | |a 1 | ||
| LOK | |0 000 xxxxxcx a22 zn 4500 | ||
| LOK | |0 001 3160990710 | ||
| LOK | |0 003 DE-627 | ||
| LOK | |0 004 361647581 | ||
| LOK | |0 005 20100408105541 | ||
| LOK | |0 008 050802||||||||||||||||ger||||||| | ||
| LOK | |0 040 |a DE-21-31 |c DE-627 |d DE-21-31 | ||
| LOK | |0 541 |e 05/537 | ||
| LOK | |0 852 |a DE-21-31 | ||
| LOK | |0 852 1 |c Pk III 90 |m p |9 00 | ||
| LOK | |0 938 |k p | ||
| LOK | |0 938 |l E12 |8 0 | ||
| LOK | |0 939 |a 02-08-05 |b l01 | ||
| LOK | |0 000 xxxxxcx a22 zn 4500 | ||
| LOK | |0 001 4492094474 | ||
| LOK | |0 003 DE-627 | ||
| LOK | |0 004 361647581 | ||
| LOK | |0 005 20240821130035 | ||
| LOK | |0 008 240227||||||||||||||||ger||||||| | ||
| LOK | |0 040 |a DE-Tue135 |c DE-627 |d DE-Tue135 | ||
| LOK | |0 092 |o n | ||
| LOK | |0 852 |a DE-Tue135 | ||
| LOK | |0 852 1 |9 00 | ||
| LOK | |0 866 |x SPQUE#Reformationsgeschichtliche Forschungsbibliothek Wittenberg#SPSAM#Predigerseminar#SPUSM#Bestand(1952-2017) | ||
| LOK | |0 935 |a RFBW |a bips |a psnb | ||
| LOK | |0 939 |a 27-02-24 |b l01 | ||
| ORI | |a SA-MARC-ixtheoa001.raw | ||
| REL | |a 1 | ||
| STA | 0 | 0 | |a Baptism,Baptism,Child,Child (5-14 years),Child (8-9 years),Child (0-9 years),Child (6-18 years),Child (1-15 years),Child (11-17 years),Child,Child (8-16 years),Child (0-16 years),Child,Child,Child,Child (7-10 Jahre),Child,Child,Child (4-5 years),Child (6-13 years),Child,Child (7-11 years),Child (2-6 years),Child,Child,Child,Child,Child,Child,Child,Child,Child,Toddler,Child,Child (6 years),Child (4 years),Child (9-12 years),Child,Child (11-13 years),Child,Child,Child,Child,Child,Child,Child,Child,Child,Child,Child,Child (8-10 years),Child,Child,Child,Child,Child,Child,Child,Child,Child (11-12 years),Child,Child,Child,Child,Child,Child,Child,Child (8-14 years),Child,Child,Child,Children,Childhood,Children in art,Children in literature,Preschool children,Teenagers,Preschool children,Preschool children,Children's Mass,Children's worship service,Worship service,Lord's Supper service,Eucharist service,Lord's supper,Lord's Supper,Eucharist,Protestant religious pedagogy,Evangelical religious pedagogy,Protestant religious education,Evangelical religious education,Sacrament,Sacrament |
| STB | 0 | 0 | |a Baptême,Baptême,Cène,Cène,Sainte-Cène,Sainte-Cène,Enfant,Enfant ou adolescent (5-14 ans),Enfant (8-9 ans),Enfant (0-9 ans),Enfant ou adolescent (6-18 ans),Enfant ou adolescent (1-15 ans),Enfant ou adolescent (11-17 ans),Enfant ou adolescent,Enfant ou adolescent (8-16 ans),Enfant ou adolescent (0-16 ans),Enfant ou adolescent,Enfant ou adolescent,Enfant ou adolescent,Enfant (7-10 ans),Enfant ou adolescent,Enfant ou adolescent,Enfant (4-5 ans),Enfant (6-13 ans),Enfant,Enfant (7-11 ans),Enfant (2-6 ans),Enfant ou adolescent,Enfant,Enfant,Enfant,Enfant,Enfant,Enfant,Enfant ou adolescent,Enfant,Enfant,Enfant,Enfant (6 ans),Enfant (4 ans),Enfant (9-12 ans),Enfant,Enfant (11-13 ans),Enfant ou adolescent,Enfant ou adolescent,Enfant,Enfant,Adolescent,Enfant,Enfant,Enfant,Enfant ou adolescent,Enfant ou adolescent,Enfant,Enfant (8-10 ans),Enfant,Enfant,Enfant,Enfant,Enfant,Enfant,Enfant,Enfant,Enfant (11-12 ans),Enfant,Enfant,Enfant,Enfant,Enfant,Enfant,Enfant,Enfant ou adolescent (8-14 ans),Enfant,Enfant,Enfant,Enfants,Enfants d'âge préscolaire,Enfants d'âge préscolaire,Enfants d'âge préscolaire,Messe eucharistique,Messe pour les enfants,Culte pour les enfants,Culte pour les enfants,Pédagogie protestante de la religion,Sacrement,Sacrement |
| STC | 0 | 0 | |a Bautismo,Bautismo,Celebración de la Santa Cena,Liturgia para niños,Niño,Niño,Niño,Niño,Niño,Niño,Niño,Niño,Niño,Niño,Niño,Niño,Niño,Niño,Niño,Niño,Niño,Niño,Niño,Niño,Niño,Niño,Niño,Niño,Niño,Niño,Niño,Niño,Niño,Niño,Niño,Niño,Niño,Niño,Niño,Niño,Niño,Niño,Niño,Niño,Niño,Niño,Niño,Niño,Niño,Niño,Niño,Niño,Niño,Niños,Niños,Adolescente (6-14 años),Adolescente,Adolescente (8-13 años),Adolescente,Adolescente (10-16 años),Adolescente,Adolescente (10-14 años),Adolescente,Adolescente (10-15 años),Adolescente,Adolescente (10-13 años),Adolescente,Adolescente (6-16 años),Adolescente,Adolescente (11-14 años),Adolescente,Adolescente (7-14 años),Adolescente,Adolescente (9-13 años),Adolescente,Adolescente (7-16 años),Adolescente,Adolescente (11-15 años),Adolescente,Pedagogía evangélica de la religión,Sacramento,Sacramento,Última Cena,Última Cena,Cena del Señor,Cena del Señor |
| STD | 0 | 0 | |a Bambino,Ragazzo,Bambino <7-16 anni>,Bambino <9-13 anni>,Bambino <7-14 anni>,Ragazzo,Bambino <6-16 anni>,Bambino,Ragazzo,Bambino,Bambino,Bambino,Ragazzo,Ragazzo,Bambino,Ragazzo,Bambino,Bambino,Bambino,Bambino,Ragazzo,Ragazzo,Ragazzo,Bambino,Ragazzo,Bambino,Bambino,Bambino,Bambino <8-13 anni>,Bambino <6-14 anni>,Bambino,Bambino,Bambino,Bambino,Bambino,Bambino <9-11 anni>,Bambino,Bambino,Bambino,Bambino,Bambino,Bambino,Bambino,Bambino,Bambino,Bambino,Bambino,Bambino,Bambino,Ragazzo (9-11 anni),Ragazzo,Ragazzo (6-14 anni),Ragazzo,Ragazzo (8-13 anni),Ragazzo,Ragazzo (6-16 anni),Ragazzo,Ragazzo (7-14 anni),Ragazzo,Ragazzo (9-13 anni),Ragazzo,Ragazzo (7-16 anni),Ragazzo,Battesimo,Battesimo,Celebrazione liturgica con Cena del Signore,Celebrazione liturgica con Santa cena,Celebrazione liturgica con Santa cena,Cena del Signore <motivo>,Cena del Signore,Santa Cena,Santa Cena,Santa cena (motivo),Santa cena,Messa per i bambini,Pedagogia evangelica della religione,Sacramento,Sacramento |
| STE | 0 | 0 | |a 儿童,儿童,儿童,儿童,儿童,儿童,儿童,儿童,儿童,儿童,儿童,儿童,儿童,儿童,小孩,小孩,小孩,小孩,小孩,小孩,小孩,小孩,小孩,小孩,小孩,小孩,小孩,小孩,儿童崇拜,儿童弥撒,圣礼,圣礼,圣事,圣事,圣餐崇拜,圣餐礼,圣体圣事,圣餐,宗教教育,洗礼,洗礼,浸礼,浸礼 |
| STF | 0 | 0 | |a 兒童,兒童,兒童,兒童,兒童,兒童,兒童,兒童,兒童,兒童,兒童,兒童,兒童,兒童,小孩,小孩,小孩,小孩,小孩,小孩,小孩,小孩,小孩,小孩,小孩,小孩,小孩,小孩,兒童崇拜,兒童彌撒,宗教教育,洗禮,洗禮,浸禮,浸禮,聖禮,聖禮,聖事,聖事,聖餐崇拜,聖餐禮,聖體聖事,聖餐 |
| STG | 0 | 0 | |a Batismo,Batismo,Celebração da Santa Ceia,Criança,Criança,Criança,Criança,Criança,Criança,Criança,Criança,Criança,Criança,Criança,Criança,Criança,Criança,Criança,Criança,Criança,Criança,Criança,Criança,Criança,Criança,Criança,Criança,Criança,Criança,Criança,Criança,Criança,Criança,Criança,Criança,Criança,Criança,Criança,Criança,Criança,Criança,Criança,Criança,Criança,Criança,Criança,Criança,Criança,Criança,Criança,Criança,Criança,Adolescente (6-14 anos),Adolescente,Adolescente (8-13 anos),Adolescente,Adolescente (10-16 anos),Adolescente,Adolescente (10-14 anos),Adolescente,Adolescente (10-15 anos),Adolescente,Adolescente (10-13 anos),Adolescente,Adolescente (6-16 anos),Adolescente,Adolescente (11-14 anos),Adolescente,Adolescente (7-14 anos),Adolescente,Adolescente (9-13 anos),Adolescente,Adolescente (7-16 anos),Adolescente,Adolescente (11-15 anos),Adolescente,Liturgia para crianças,Pedagogia evangélica da religião,Sacramento,Sacramento,Última Ceia,Última Ceia,Ceia do Senhor,Ceia do Senhor |
| STH | 0 | 0 | |a Богослужение для детей,Вечеря (мотив),Вечеря,Причастие,Крещение (мотив),Крещение,Протестантская педагогика религии,Ребёнок (2-5 лет),Ребёнок (11-15 лет),Ребёнок (7-16 лет),Ребёнок (9-13 лет),Ребёнок (7-14 лет),Ребёнок (11-14 лет),Ребёнок (6-16 лет),Ребёнок (2-4 года),Ребёнок (10-13 лет),Ребёнок (5-6 лет),Ребёнок (7-9 лет),Ребёнок (0-10 лет),Ребёнок (10-12 лет),Ребёнок (10-11 лет),Ребёнок (6-7 лет),Ребёнок (10-15 лет),Ребёнок (3-12 лет),Ребёнок (0-3 года),Ребёнок (3 года),Ребёнок (9-10 лет),Ребёнок (10-14 лет),Ребёнок (10-16 лет),Ребёнок (11 лет),Ребёнок (10 лет),Ребёнок (12 лет),Ребёнок (0-4 года),Ребёнок (0-7 лет),Ребёнок (8-12 лет),Ребёнок (8-13 лет),Ребёнок (6-14 лет),Ребёнок (5-12 лет),Ребёнок (7 лет),Ребёнок (0-5 лет),Ребёнок (4-6 лет),Ребёнок (3-8 лет),Ребёнок (9-11 лет),Ребёнок (1-3 года),Ребёнок (4 -10 лет),Ребёнок (5-7 лет),Ребёнок (5-10 лет),Ребёнок (3-10 лет),Ребёнок (4-7 лет),Ребёнок (3-7 лет),Ребёнок (4-8 лет),Ребёнок (7-12 лет),Ребёнок (3-11 лет),Ребёнок (5-8 лет),Ребёнок (мотив),Ребёнок,Служба с причастием,Таинство (мотив),Таинство |
| STI | 0 | 0 | |a Βάπτιση (μοτίβο),Βάπτιση,Θεία Ευχαριστία <μοτίβο>,Θεία Ευχαριστία,Δείπνο του Κυρίου,Θεία Κοινωνία,Δείπνο του Κυρίου (μοτίβο),Θεία Κοινωνία (μοτίβο),Θεία Λειτουργία για παιδιά,Ιερό Μυστήριο <μοτίβο>,Ιερό Μυστήριο,Θείο Μυστήριο,Θείο Μυστήριο (μοτίβο),Λειτουργία της Θείας Ευχαριστίας,Παιδί (2-5 ετών),Παιδί (11-15 ετών),Παιδί (7-16 ετών),Παιδί (9-13 ετών),Παιδί (7-14 ετών),Παιδί (11-14 ετών),Παιδί (6-16 ετών),Παιδί (2-4 ετών),Παιδί (10-13 ετών),Παιδί (5-6 ετών),Παιδί (7-9 ετών),Παιδί (0-10 ετών),Παιδί (10-12 ετών),Παιδί (10-11 ετών),Παιδί (6-7 ετών),Παιδί (10-15 ετών),Παιδί (3-12 ετών),Παιδί (0-3 ετών),Παιδί (3 ετών),Παιδί (9-10 ετών),Παιδί (10-14 ετών),Παιδί (10-16 ετών),Παιδί (11 ετών),Παιδί (10 ετών),Παιδί (12 ετών),Παιδί (0-4 ετών),Παιδί (0-7 ετών),Παιδί (8-12 ετών),Παιδί (8-13 ετών),Παιδί (6-14 ετών),Παιδί (5-12 ετών),Παιδί (7 ετών),Παιδί (0-5 ετών),Παιδί (4-6 ετών),Παιδί (3-8 ετών),Παιδί (9-11 ετών),Παιδί (1-3 ετών),Παιδί (4-10 ετών),Παιδί (5-7 ετών),Παιδί (5-10 ετών),Παιδί (3-10 ετών),Παιδί (4-7 ετών),Παιδί (3-7 ετών),Παιδί (4-8 ετών),Παιδί (7-12 ετών),Παιδί (3-11 ετών),Παιδί (5-8 ετών),Παιδί (μοτίβο),Παιδί,Προτεσταντική θρησκευτική παιδαγωγική |
| SUB | |a REL | ||
| SYG | 0 | 0 | |a Gottesdienst mit Abendmahl,Sakramentsgottesdienst,Abendmahlsfeier,Abendmahl , Kindermesse , Gottesdienst mit Abendmahl,Sakramentsgottesdienst,Abendmahlsfeier,Abendmahl , Gnadenmittel,Sakramente , Herrenmahl , Kindheit,Kindesalter,Kindschaft,Kinder,Jugend,Jugend,Jugend,Jugend,Jugend,Kinderbild,Kinderdarstellung,Kindheit,Kindheit,Kindesalter,Kindschaft,Kinder |